Football : Classement National 2025-2026 - Statistiques

Statistiques générales
  • Ce quiz a été pris 11 fois
  • Le résultat moyen est 11 sur 17
Statistiques - réponses
Place Club % Correct
1 DFCO
100%
2 FC Sochaux
100%
3 FC Rouen
91%
4 US Fleury-Mérogis
82%
16 Châteauroux
73%
8 Caen
64%
7 Le Puy
64%
6 Orléans
64%
14 Paris 13 Atletico
64%
17 Stade Briochin
64%
5 Versailles
64%
10 Valenciennes
55%
12 Villefranche
55%
15 Bourg-Péronnas
45%
9 Concarneau
45%
13 Quevilly-Rouen
45%
11 Aubagne
36%
Aucun quiz correspondant
Distribution des résultats
% des personnes avec chaque résultat
Percentile par nombre de réponses
Votre historique - résultats
Vous n’avez pas pris ce quiz